ROOTS '98 (Record no. 97550)

MARC details
000 -LEADER
fixed length control field 07839cam a2201825 4500
008 - FIXED-LENGTH DATA ELEMENTS--GENERAL INFORMATION
fixed length control field 090401t1998 xxu||||| |||| 00| 0 eng d
020 ## - INTERNATIONAL STANDARD BOOK NUMBER
International Standard Book Number 0854068872
035 ## - SYSTEM CONTROL NUMBER
System control number (Sirsi) u90397
041 0# - LANGUAGE CODE
Language code of text/sound track or separate title eng
050 04 - LIBRARY OF CONGRESS CALL NUMBER
Classification number 630.072 $2 18
111 2# - MAIN ENTRY--MEETING NAME
Meeting name or jurisdiction name as entry element Royal Institution of Chartered Surveyors Rural Practice Research Conference
Date of meeting or treaty signing (14-15 April 1998
Location of meeting Cambridge, UK)
245 00 - TITLE STATEMENT
Title ROOTS '98
Remainder of title the proceedings of the RICS rural practice research conference held at the Wilson Centre, Fitzwilliam College, University of Cambridge, on 14-15 April 1998
Medium [electronic resource]
260 ## - PUBLICATION, DISTRIBUTION, ETC.
Place of publication, distribution, etc. London
Name of publisher, distributor, etc. RICS
Date of publication, distribution, etc. 1998
300 ## - PHYSICAL DESCRIPTION
Extent 271p.
Dimensions 30cm.
350 ## - PRICE (NR) (BK AM CF MU VM SE) [OBSOLETE]
Price 24.95
490 ## - SERIES STATEMENT
Series statement RICS Research
505 ## - FORMATTED CONTENTS NOTE
Formatted contents note Comprehensive project evaluation: testing the available methodologies -- Making a case for integrated rural support -- Management agreements in Sites of Special Scientific Interest: reforming the law -- Nature conservation, set-aside and arable farming: current constraints and future prospects -- Numeracy amongst higher education students in agriculture and land management: a case study -- Property institutions and the provision of countryside goods -- Round table discussion: the rural land manager as environmental steward -- Tenancy trends in Latin America and Africa: a literature review -- The comparative efficiency of British agriculture: implications for the countryside -- The emerging shape of farm business tenancies -- The future of the Common Agricultural Policy -- The impact of the Swynnerton, Telford and Shifnal NVZ's on five farms: a case study -- The measurement of average farm size -- The present day functions of the English market town: a comparison between 'remote' and 'accessible' rural areas.
650 ## - SUBJECT ADDED ENTRY--TOPICAL TERM
Topical term or geographic name entry element ENVIRONMENTAL AND LAND CONSULTANCY-AGRIBUSINESS-AGRICULTURE
650 ## - SUBJECT ADDED ENTRY--TOPICAL TERM
Topical term or geographic name entry element ANIMAL WELFARE
650 ## - SUBJECT ADDED ENTRY--TOPICAL TERM
Topical term or geographic name entry element COMMON AGRICULTURAL POLICY
650 ## - SUBJECT ADDED ENTRY--TOPICAL TERM
Topical term or geographic name entry element FARM BUSINESS TENANCIES
650 ## - SUBJECT ADDED ENTRY--TOPICAL TERM
Topical term or geographic name entry element MANAGEMENT AGREEMENTS
650 ## - SUBJECT ADDED ENTRY--TOPICAL TERM
Topical term or geographic name entry element MARKET TOWNS
650 ## - SUBJECT ADDED ENTRY--TOPICAL TERM
Topical term or geographic name entry element NATURE CONSERVATION
650 ## - SUBJECT ADDED ENTRY--TOPICAL TERM
Topical term or geographic name entry element PROJECT EVALUATION
650 ## - SUBJECT ADDED ENTRY--TOPICAL TERM
Topical term or geographic name entry element ROOTS
650 ## - SUBJECT ADDED ENTRY--TOPICAL TERM
Topical term or geographic name entry element SITES OF SPECIAL SCIENTIFIC INTEREST
690 ## - LOCAL SUBJECT ADDED ENTRY--TOPICAL TERM (OCLC, RLIN)
Topical term or geographic name as entry element RURAL PRACTICE
700 1# - ADDED ENTRY--PERSONAL NAME
Personal name Uff, John
700 1# - ADDED ENTRY--PERSONAL NAME
Personal name Gubbay, Susan
700 1# - ADDED ENTRY--PERSONAL NAME
Personal name Morton, Crawford William
700 1# - ADDED ENTRY--PERSONAL NAME
Personal name Gay, Simon
700 1# - ADDED ENTRY--PERSONAL NAME
Personal name Neve, Paul
700 1# - ADDED ENTRY--PERSONAL NAME
Personal name Putwain, Phil
700 1# - ADDED ENTRY--PERSONAL NAME
Personal name Powis, Paul
700 1# - ADDED ENTRY--PERSONAL NAME
Personal name Watt, David S.
700 1# - ADDED ENTRY--PERSONAL NAME
Personal name Baum, Andrew
700 1# - ADDED ENTRY--PERSONAL NAME
Personal name Lund, Philip
700 1# - ADDED ENTRY--PERSONAL NAME
Personal name Vallega, Adalberto
700 1# - ADDED ENTRY--PERSONAL NAME
Personal name Buys, Fanie
700 1# - ADDED ENTRY--PERSONAL NAME
Personal name Shilling, James D.
700 1# - ADDED ENTRY--PERSONAL NAME
Personal name Malpezzi, Steve
700 1# - ADDED ENTRY--PERSONAL NAME
Personal name Parsons, Stephen
700 1# - ADDED ENTRY--PERSONAL NAME
Personal name Bosch, Luuk
700 1# - ADDED ENTRY--PERSONAL NAME
Personal name Bowler, Bob
700 1# - ADDED ENTRY--PERSONAL NAME
Personal name Crosby, Neil
700 1# - ADDED ENTRY--PERSONAL NAME
Personal name Murdoch, Sandi
700 1# - ADDED ENTRY--PERSONAL NAME
Personal name Lastrarria-Cornheil, Susana
700 1# - ADDED ENTRY--PERSONAL NAME
Personal name Smith, Hance
700 1# - ADDED ENTRY--PERSONAL NAME
Personal name Baldry, David
700 1# - ADDED ENTRY--PERSONAL NAME
Personal name Boon, Ann
700 1# - ADDED ENTRY--PERSONAL NAME
Personal name Kernon, Tony
700 1# - ADDED ENTRY--PERSONAL NAME
Personal name Kometa, Simon
700 1# - ADDED ENTRY--PERSONAL NAME
Personal name Eves, Chris
700 1# - ADDED ENTRY--PERSONAL NAME
Personal name Cowap, Charles
700 1# - ADDED ENTRY--PERSONAL NAME
Personal name Saville, Mark
700 1# - ADDED ENTRY--PERSONAL NAME
Personal name Battle, John
700 1# - ADDED ENTRY--PERSONAL NAME
Personal name Strickland, Hugh
700 1# - ADDED ENTRY--PERSONAL NAME
Personal name Sparrow, Andrew
700 1# - ADDED ENTRY--PERSONAL NAME
Personal name King, John
700 1# - ADDED ENTRY--PERSONAL NAME
Personal name Belcher, Robert
700 1# - ADDED ENTRY--PERSONAL NAME
Personal name Lizieri, Colin
700 1# - ADDED ENTRY--PERSONAL NAME
Personal name Dobson, Richard
700 1# - ADDED ENTRY--PERSONAL NAME
Personal name Bateman, Gordon
700 1# - ADDED ENTRY--PERSONAL NAME
Personal name Barlow, James
700 1# - ADDED ENTRY--PERSONAL NAME
Personal name Howson, Mark
700 1# - ADDED ENTRY--PERSONAL NAME
Personal name Thompson, Ian
700 1# - ADDED ENTRY--PERSONAL NAME
Personal name Bradford, Katie
700 1# - ADDED ENTRY--PERSONAL NAME
Personal name Egan, C.
700 1# - ADDED ENTRY--PERSONAL NAME
Personal name Bryant, J.
700 1# - ADDED ENTRY--PERSONAL NAME
Personal name Errington, Andrew
700 1# - ADDED ENTRY--PERSONAL NAME
Personal name Millard, Nick
700 1# - ADDED ENTRY--PERSONAL NAME
Personal name Whitehead, Ian
700 1# - ADDED ENTRY--PERSONAL NAME
Personal name Menzies, Ian
700 1# - ADDED ENTRY--PERSONAL NAME
Personal name Plant, Jane
700 1# - ADDED ENTRY--PERSONAL NAME
Personal name Asbury, Norton
700 1# - ADDED ENTRY--PERSONAL NAME
Personal name Locke, Duncan
700 1# - ADDED ENTRY--PERSONAL NAME
Personal name Parrish, Frank
700 1# - ADDED ENTRY--PERSONAL NAME
Personal name Bowen, Paul
700 1# - ADDED ENTRY--PERSONAL NAME
Personal name Adair, Alastair
700 1# - ADDED ENTRY--PERSONAL NAME
Personal name Matzdorf, Dave
700 1# - ADDED ENTRY--PERSONAL NAME
Personal name Nicholls, Bob
700 1# - ADDED ENTRY--PERSONAL NAME
Personal name Gausden, Christine
700 1# - ADDED ENTRY--PERSONAL NAME
Personal name May, Michael
700 1# - ADDED ENTRY--PERSONAL NAME
Personal name Holmes, George
700 1# - ADDED ENTRY--PERSONAL NAME
Personal name Clark, Bryan
700 1# - ADDED ENTRY--PERSONAL NAME
Personal name Edge, John
700 1# - ADDED ENTRY--PERSONAL NAME
Personal name Capper, Phillip
700 1# - ADDED ENTRY--PERSONAL NAME
Personal name Hatton, William
700 1# - ADDED ENTRY--PERSONAL NAME
Personal name Katz, Rhoda
700 1# - ADDED ENTRY--PERSONAL NAME
Personal name Silver, Simon
700 1# - ADDED ENTRY--PERSONAL NAME
Personal name Gittens, Paul
700 1# - ADDED ENTRY--PERSONAL NAME
Personal name Parrack, Tony
700 1# - ADDED ENTRY--PERSONAL NAME
Personal name Morey-Smith, Linda
700 1# - ADDED ENTRY--PERSONAL NAME
Personal name Douey, Patricia
700 1# - ADDED ENTRY--PERSONAL NAME
Personal name Burgon, Jo
700 1# - ADDED ENTRY--PERSONAL NAME
Personal name Yang, Zhengrong
700 1# - ADDED ENTRY--PERSONAL NAME
Personal name Ratcliffe, John
700 1# - ADDED ENTRY--PERSONAL NAME
Personal name Morris, Nick
700 1# - ADDED ENTRY--PERSONAL NAME
Personal name Rodgers, Christopher P.
700 1# - ADDED ENTRY--PERSONAL NAME
Personal name Bingham, Tony
700 1# - ADDED ENTRY--PERSONAL NAME
Personal name Voaden, William
700 1# - ADDED ENTRY--PERSONAL NAME
Personal name Owen, Susan
700 1# - ADDED ENTRY--PERSONAL NAME
Personal name Richards, Mark
700 1# - ADDED ENTRY--PERSONAL NAME
Personal name Cooksley, Karen
700 1# - ADDED ENTRY--PERSONAL NAME
Personal name Burnett, Rachel
700 1# - ADDED ENTRY--PERSONAL NAME
Personal name Fawcus, Bill
700 1# - ADDED ENTRY--PERSONAL NAME
Personal name Jaunzens, Denice
700 1# - ADDED ENTRY--PERSONAL NAME
Personal name Dubben, Nigel
700 1# - ADDED ENTRY--PERSONAL NAME
Personal name McIntosh, Angus
700 1# - ADDED ENTRY--PERSONAL NAME
Personal name Davies, Dafydd
700 1# - ADDED ENTRY--PERSONAL NAME
Personal name Kendall, John
700 1# - ADDED ENTRY--PERSONAL NAME
Personal name Renger, Mike
700 1# - ADDED ENTRY--PERSONAL NAME
Personal name Newman, Kim
700 1# - ADDED ENTRY--PERSONAL NAME
Personal name McLocklin, Neil
700 1# - ADDED ENTRY--PERSONAL NAME
Personal name Gillett, Paul
700 1# - ADDED ENTRY--PERSONAL NAME
Personal name Watts, Ray
700 1# - ADDED ENTRY--PERSONAL NAME
Personal name Sell, David
700 1# - ADDED ENTRY--PERSONAL NAME
Personal name Thompson, Derek
700 1# - ADDED ENTRY--PERSONAL NAME
Personal name Couch, Chris
700 1# - ADDED ENTRY--PERSONAL NAME
Personal name Hodge, Ian
700 1# - ADDED ENTRY--PERSONAL NAME
Personal name Raynsford, Nick
700 1# - ADDED ENTRY--PERSONAL NAME
Personal name Harper, David
700 1# - ADDED ENTRY--PERSONAL NAME
Personal name Barrett, Peter
700 1# - ADDED ENTRY--PERSONAL NAME
Personal name Freeman-Bell, Gail
700 1# - ADDED ENTRY--PERSONAL NAME
Personal name Grover, Richard
700 1# - ADDED ENTRY--PERSONAL NAME
Personal name Taylor, Alan
700 1# - ADDED ENTRY--PERSONAL NAME
Personal name Gregory, Stuart
700 1# - ADDED ENTRY--PERSONAL NAME
Personal name Guest, David
700 1# - ADDED ENTRY--PERSONAL NAME
Personal name Cook, Sara
700 1# - ADDED ENTRY--PERSONAL NAME
Personal name D'Arcy, Eamonn
700 1# - ADDED ENTRY--PERSONAL NAME
Personal name Sturgess, Ian
700 1# - ADDED ENTRY--PERSONAL NAME
Personal name Price, Jennie
700 1# - ADDED ENTRY--PERSONAL NAME
Personal name Sheard, E. Martin
700 1# - ADDED ENTRY--PERSONAL NAME
Personal name Fox, Peter
700 1# - ADDED ENTRY--PERSONAL NAME
Personal name McNamara, Terry
700 1# - ADDED ENTRY--PERSONAL NAME
Personal name McIntosh, Angus
700 1# - ADDED ENTRY--PERSONAL NAME
Personal name Simcock, Mark
856 40 - ELECTRONIC LOCATION AND ACCESS
Uniform Resource Identifier <a href="https://www.rics.org/Global/Downloads/ComprehensiveProjectEvaluationTesting199801.pdf">https://www.rics.org/Global/Downloads/ComprehensiveProjectEvaluationTesting199801.pdf</a>
Public note View 'Comprehensive project evaluation: testing the available methodologies' at www.rics.org
856 40 - ELECTRONIC LOCATION AND ACCESS
Uniform Resource Identifier <a href="https://www.rics.org/Global/Downloads/making__a_case_for__rural_integrated_support_19980101.pdf">https://www.rics.org/Global/Downloads/making__a_case_for__rural_integrated_support_19980101.pdf</a>
Public note View '' at www.rics.org
856 40 - ELECTRONIC LOCATION AND ACCESS
Uniform Resource Identifier <a href="https://www.rics.org/Global/Downloads/ManagementAgreementsSitesSpecialScientificInterest199801.pdf">https://www.rics.org/Global/Downloads/ManagementAgreementsSitesSpecialScientificInterest199801.pdf</a>
Public note View 'Making a case for integrated rural support' at www.rics.org
856 40 - ELECTRONIC LOCATION AND ACCESS
Uniform Resource Identifier <a href="https://www.rics.org/Global/Downloads/nature_conservation_set_aside_and_arable_farming_19980101.pdf">https://www.rics.org/Global/Downloads/nature_conservation_set_aside_and_arable_farming_19980101.pdf</a>
Public note View 'Management agreements in sites of special scientific interest: reforming the law' at www.rics.org
856 40 - ELECTRONIC LOCATION AND ACCESS
Uniform Resource Identifier <a href="https://www.rics.org/Global/Downloads/property__institutions__and_the__provision_of_countryside_goods_19980101.pdf">https://www.rics.org/Global/Downloads/property__institutions__and_the__provision_of_countryside_goods_19980101.pdf</a>
Public note View '' at www.rics.org
856 40 - ELECTRONIC LOCATION AND ACCESS
Uniform Resource Identifier <a href="https://www.rics.org/Global/Downloads/ComparativeEfficiencyBritishFarming19980101.pdf">https://www.rics.org/Global/Downloads/ComparativeEfficiencyBritishFarming19980101.pdf</a>
Public note View '' at www.rics.org
856 40 - ELECTRONIC LOCATION AND ACCESS
Uniform Resource Identifier <a href="https://www.rics.org/Global/Downloads/EmergingShapeFarmBusinessTenancies19980101.pdf">https://www.rics.org/Global/Downloads/EmergingShapeFarmBusinessTenancies19980101.pdf</a>
Public note View 'Nature conservation, set-aside and arable farming: current constraints and future prospects' at www.rics.org
856 40 - ELECTRONIC LOCATION AND ACCESS
Uniform Resource Identifier <a href="https://www.rics.org/Global/Downloads/the__future__of_the_Common_Agricultural_Policy_19980101.pdf">https://www.rics.org/Global/Downloads/the__future__of_the_Common_Agricultural_Policy_19980101.pdf</a>
Public note View 'Property institutions and the provision of countryside goods' at www.rics.org
856 40 - ELECTRONIC LOCATION AND ACCESS
Uniform Resource Identifier <a href="https://www.rics.org/Global/Downloads/ImpactSwynnertonTelfordShifnalNitrate1998.pdf">https://www.rics.org/Global/Downloads/ImpactSwynnertonTelfordShifnalNitrate1998.pdf</a>
Public note View 'The comparative efficiency of British agriculture: implications for the countryside -- ' at www.rics.org
856 40 - ELECTRONIC LOCATION AND ACCESS
Uniform Resource Identifier <a href="https://www.rics.org/Global/Downloads/MeasurementAverageFarm19980101.pdf">https://www.rics.org/Global/Downloads/MeasurementAverageFarm19980101.pdf</a>
Public note View 'The emerging shape of Farm Business Tenancies.' at www.rics.org
856 40 - ELECTRONIC LOCATION AND ACCESS
Uniform Resource Identifier <a href="https://www.rics.org/Global/Downloads/PresentDayFunctionsEnglishMarketTown19980101.pdf">https://www.rics.org/Global/Downloads/PresentDayFunctionsEnglishMarketTown19980101.pdf</a>
Public note View 'The future of the Common Agricultural Policy.' at www.rics.org
856 40 - ELECTRONIC LOCATION AND ACCESS
Uniform Resource Identifier <a href=""></a>
Public note View 'The impact of the Swynnerton and Telford and Shifnal Nitrate Vulnerable Zones on five farms: a case study' at www.rics.org
856 40 - ELECTRONIC LOCATION AND ACCESS
Uniform Resource Identifier <a href=""></a>
Public note View 'The measurement of average farm size' at www.rics.org
856 40 - ELECTRONIC LOCATION AND ACCESS
Uniform Resource Identifier <a href=""></a>
Public note View 'The present day functions of the English market town' at www.rics.org
942 ## - ADDED ENTRY ELEMENTS (KOHA)
Suppress in OPAC 0
948 ## - LOCAL PROCESSING INFORMATION (OCLC); SERIES PART DESIGNATOR (RLIN)
c (OCLC) 21/12/1998
Holdings
Withdrawn status Lost status Source of classification or shelving scheme Damaged status Not for loan Home library Current library Shelving location Date acquired Cost, normal purchase price Total Checkouts Full call number Barcode Date last seen Copy number Cost, replacement price Price effective from Koha item type
    Dewey Decimal Classification     London London RICS Boxes 14/09/1999 24.95   RICS 1998/66 30057025 06/08/2019 1 24.95 06/08/2019 Reference material
    Dewey Decimal Classification     London London RICS Boxes 14/09/1999 24.95   RICS 1998/66 30057026 06/08/2019 2 24.95 06/08/2019 Reference material
    Dewey Decimal Classification     London London RICS Boxes 14/09/1999 24.95   RICS 1998/66 30057027 06/08/2019 3 24.95 06/08/2019 Book